Southville International School and Colleges
Your cart is empty.
  • Cart
  • Lists
    Public lists Eva Luna New books Lux_list list_1
    Your lists Log in to create your own lists
  • Log in to your account
  • Your cookies
  • Search history
Southville International School and Colleges
  • Advanced search
  • Recent comments
  • Most popular
  • Libraries

Log in to your account

Log in with GOOGLE


If you do not have an external account, but do have a local account, you can still log in:

  1. Home
  2. MARC view: Hamric and hanson's advanced practice nursing :
Normal view MARC view ISBD view

Hamric and hanson's advanced practice nursing : (Record no. 366791)

[ view plain ]
MARC details
000 -LEADER
fixed length control field 00961nam a22002297a 4500
003 - CONTROL NUMBER IDENTIFIER
control field 0
005 - DATE AND TIME OF LATEST TRANSACTION
control field 20241122110144.0
008 - FIXED-LENGTH DATA ELEMENTS--GENERAL INFORMATION
fixed length control field 241122b xxu||||| |||| 00| 0 eng d
020 ## - INTERNATIONAL STANDARD BOOK NUMBER
International Standard Book Number 9780323777117
050 ## - LIBRARY OF CONGRESS CALL NUMBER
Classification number RT 82.8
Item number .T73 2023
100 ## - MAIN ENTRY--PERSONAL NAME
Personal name Tracy, Mary Fran,
Relator term author.
245 ## - TITLE STATEMENT
Title Hamric and hanson's advanced practice nursing :
Remainder of title an integrative approach /
Statement of responsibility, etc Mary Fran Tracy, Eileen T O'Grady, Susanne J Phillips.
250 ## - EDITION STATEMENT
Edition statement 7th ed.
260 ## - PUBLICATION, DISTRIBUTION, ETC. (IMPRINT)
Place of publication, distribution, etc St. Louis, Missouri :
Name of publisher, distributor, etc Elsevier,
Date of publication, distribution, etc 2023.
300 ## - PHYSICAL DESCRIPTION
Extent xxiv, 808 p. :
Other physical details ill. ;
Dimensions 24 cm.
504 ## - BIBLIOGRAPHY, ETC. NOTE
Bibliography, etc Includes bibliographical references and index.
520 ## - SUMMARY, ETC.
Summary, etc "The purpose of this book is to continue to promote the clarion call for nursing leaders, educators, and practicing clinicians to seek integrated understanding of APRNs"--Provided by publisher.
650 ## - SUBJECT ADDED ENTRY--TOPICAL TERM
Topical term or geographic name as entry element Nurse practitioners.
700 ## - ADDED ENTRY--PERSONAL NAME
Personal name O'Grady, Eileen T.,
Relator term author.
700 ## - ADDED ENTRY--PERSONAL NAME
Personal name Phillips, Susanne J.,
Relator term author.
942 ## - ADDED ENTRY ELEMENTS (KOHA)
Source of classification or shelving scheme Library of Congress Classification
Koha item type Books
Holdings
Withdrawn status Lost status Source of classification or shelving scheme Damaged status Home library Current library Shelving location Date acquired Source of acquisition Sub Shelving location Total Checkouts Full call number Barcode Date last seen Price effective from Koha item type
    Library of Congress Classification   College Library College Library Reserve Section 11/22/2024 Library Fund     RT 82.8 .T73 2023 C24073 11/22/2024 11/22/2024 Books

Hamric and hanson's advanced practice nursing :

APA

Tracy M. F., O'Grady E. T. & Phillips S. J. (2023). Hamric and hanson's advanced practice nursing. St. Louis, Missouri: Elsevier.

Chicago

Tracy Mary Fran, O'Grady Eileen T and Phillips Susanne J. 2023. Hamric and hanson's advanced practice nursing. St. Louis, Missouri: Elsevier.

Harvard

Tracy M. F., O'Grady E. T. and Phillips S. J. (2023). Hamric and hanson's advanced practice nursing. St. Louis, Missouri: Elsevier.

MLA

Tracy Mary Fran, O'Grady Eileen T and Phillips Susanne J. Hamric and hanson's advanced practice nursing. St. Louis, Missouri: Elsevier. 2023.

  • Place hold
  • Print
  • Cite
  • Add to your cart (remove)
  • Save record
    BIBTEX Dublin Core MARCXML MARC (non-Unicode/MARC-8) MARC (Unicode/UTF-8) MARC (Unicode/UTF-8, Standard) MODS (XML) RIS
  • More searches
    Search for this title in:
    Other Libraries (WorldCat) Other Databases (Google Scholar) Online Stores (Bookfinder.com) Open Library (openlibrary.org)

Exporting to Dublin Core...

SOUTHVILLE LIBRARY

Southville International School and Colleges Library

1281 Tropical Ave. Cor. Luxembourg St., BF Homes International, Las Pinas City

Tel. No. 8256374 / 252358 Loc. 117/146

Powered by Koha